Social media marketing for dummies

Zapisane w:
Opis bibliograficzny
1. autor:  Singh, Shiv
Format: Sách
Język:Undetermined
Wydane:  John Wiley & Son, Inc  2012
Hasła przedmiotowe:
Etykiety: Dodaj etykietę
Nie ma etykietki, Dołącz pierwszą etykiete!
Thư viện lưu trữ: Trung tâm Thư viện - Trường Đại học Công nghiệp TP. Hồ Chí Minh
LEADER 00556nam a2200157Ia 4500
001 UIH_04155
008 231011s9999 xx 000 0 und d
082 |a  658.872 
100 |a  Singh, Shiv 
245 0 |a  Social media marketing for dummies 
245 0 |c  Singh, Shiv 
260 |b  John Wiley & Son, Inc 
260 |c  2012 
650 |a  Mạng xã hội trực tuyến; Truyền thông xã hội; Marketing qua internet;  
927 |a Sách 
980 |a Trung tâm Thư viện - Trường Đại học Công nghiệp TP. Hồ Chí Minh